000
00352nam a2200157Ia 4500
008
200305s9999 xx 000 0 und d
020
_a
978-1-138-69475-0
082
_a
801
082
_b
RUH
100
_a
RUSSELL
245
_a
HISTORY OF WESTERN PHILOSOPHY
260
_a
NEW DELHI
_b
ATLANTIC
300
_a
778
650
_a
ENGLISH
999
_c
38130
_d
38130
041
_a
eng